Die Schule des Schneelaufs (Record no. 3701)

MARC details
000 -CABECERA
campo de control de longitud fija 00542nam a2200205 a 4500
001 - NÚMERO DE CONTROL
campo de control BRCA_3975
005 - FECHA Y HORA DE LA ÚLTIMA TRANSACCIÓN
campo de control 20190320204510.0
008 - DATOS DE LONGITUD FIJA--INFORMACIÓN GENERAL
campo de control de longitud fija 140110s1912----gw-a######---#000-0#ger-#
041 ## - CÓDIGO DE LENGUA
Código de lengua del texto/banda sonora o título independiente ger
044 ## - CÓDIGO DEL PAÍS DE LA ENTIDAD EDITORA/PRODUCTORA
Código MARC del país gw
050 #4 - SIGNATURA TOPOGRÁFICA DE LA BIBLIOTECA DEL CONGRESO
Número de clasificación GV854
Número de documento/Ítem .L88 1912
100 1# - ENTRADA PRINCIPAL--NOMBRE DE PERSONA
Nombre de persona Luther-Munchen, Carl J.
9 (RLIN) 10335
245 10 - MENCIÓN DE TÍTULO
Título Die Schule des Schneelaufs
Mención de responsabilidad, etc. Carl J. Luther-Munchen.
260 ## - PUBLICACIÓN, DISTRIBUCIÓN, ETC.
Lugar de publicación, distribución, etc. Stuttgart
Nombre del editor, distribuidor, etc. Union Deutsche Verlagsgesellschaft
Fecha de publicación, distribución, etc. 1912
300 ## - DESCRIPCIÓN FÍSICA
Extensión 67 p.
Otras características físicas il.
Dimensiones 16 cm.
500 ## - NOTA GENERAL
Nota general CDE50
650 14 - PUNTO DE ACCESO ADICIONAL DE MATERIA--TÉRMINO DE MATERIA
Término de materia o nombre geográfico como elemento de entrada Esquí
9 (RLIN) 10336
902 ## - CATALOGADOR
Iniciales GFM
942 ## - ELEMENTOS DE PUNTO DE ACCESO ADICIONAL (KOHA)
Fuente del sistema de clasificación o colocación Library of Congress Classification
Tipo de ítem Koha Libros
Holdings
Estado de retiro Estado de pérdida Estado dañado No para préstamo Localización permanente Ubicación/localización actual Fecha de adquisición Número de inventario Total de préstamos Signatura topográfica completa Código de barras Fecha visto por última vez Precio válido a partir de Tipo de ítem Koha
El ejemplar forma parte de la colección y puede ser consultado según las políticas vigentes.       Biblioteca del Museo Franz Mayer (Rogerio Casas-Alatriste) Biblioteca del Museo Franz Mayer (Rogerio Casas-Alatriste) 14/01/2010 CDE50   GV854 .L88 1912 (CDE50) 3972 22/03/2019 22/03/2019 Libros